000 00525nam a2200217Ia 4500
003 OSt
005 20230413160805.0
008 210423s2000 xx 000 0 und d
020 _a0-446-60309-0
040 _cAL
041 _aeng
082 _a813.54
_223
_bBROB
100 _aBROWN (Sandra)
_988408
245 _aBittersweet rain
260 _aNew York
_bWarner Books
_c2000
300 _a275,19
_bPB
365 _b125
_cINR
650 _aAmerican Fiction
_988409
906 _aBittersweet ; rain
942 _2ddc
_cBK
999 _c169970
_d169970